Can you name all legendary pokemon? (gen 1-7) - Statistics

General Stats
  • This quiz has been taken 1,082 times
  • The average score is 46 of 74
Answer Stats
Legendary Pokemon % Correct
4 mew
98%
5 mewtwo
97%
2 Zapdos
97%
1 Articuno
96%
3 moltres
96%
10 ho-oh
91%
9 lugia
91%
18 groudon
90%
7 entei
89%
17 kyogre
89%
8 suicune
88%
26 palkia
87%
25 Dialga
86%
19 rayquaza
86%
6 raikou
85%
11 celebi
81%
14 registeel
80%
13 regice
79%
12 regirock
79%
34 arceus
75%
15 latias
75%
16 latios
75%
44 zekrom
75%
30 darkrai
72%
21 deoxys
72%
43 reshiram
72%
20 jirachi
71%
28 regigigas
69%
22 uxie
69%
24 azelf
68%
61 lunala
68%
23 mesprit
67%
60 solgaleo
66%
49 yveltal
66%
48 xerneas
65%
47 kyurem
64%
27 heatran
63%
35 victini
62%
50 zygarde
62%
36 cobalion
60%
29 cresselia
60%
38 virizion
60%
31 manaphy
59%
33 shaymin
59%
37 terrakion
58%
40 tornadus
58%
41 landorus
57%
39 keldeo
56%
32 phione
56%
42 thundurus
54%
69 Necrozma
52%
54 Tapu koko
52%
58 cosmog
50%
46 genesect
50%
57 tapu bulu
50%
55 Tapu lele
50%
56 Tapu fini
49%
45 meloetta
48%
63 buzzwole
47%
52 hoopa
47%
53 volcanion
47%
59 cosmoem
46%
51 diancie
44%
68 guzzlord
40%
67 kartana
40%
66 celesteela
36%
71 marshadow
36%
64 pheromosa
36%
70 Magearna
35%
62 nihilego
35%
65 xurkitree
35%
74 Ultra necrozma
9%
73 Dawn Wings
7%
72 Dusk Mane
7%
No matching quizzes found
Score Distribution
Percent of People with Each Score
Percentile by Number Answered
Your Score History
You have not taken this quiz